| 000 | 00757nam a2200229 i 4500 | ||
|---|---|---|---|
| 001 | 124710 | ||
| 003 | ES-MaACL | ||
| 005 | 20230906192459.0 | ||
| 007 | t| | ||
| 008 | 070418s1919 sp ||||1| spa d | ||
| 080 | _a821.134.2-23"19" | ||
| 100 | 1 |
_aSanz, Eulogio Florentino. _9103578 |
|
| 245 | 1 | 0 |
_aD. Francisco de Quevedo _b: drama en cuatro actos / _coriginal de Eulogio Florentino Sanz. |
| 260 |
_a[Madrid : _bLa Novela Teatral, _c1919] |
||
| 300 |
_a24 p. ; _c20 cm. |
||
| 490 | 1 |
_aLa novela teatral ; _v152 |
|
| 500 | _aEn la cub. caricatura de Manuel González por Tovar. | ||
| 700 | 0 |
_aTovar _c, ilustrador. _9157378 |
|
| 830 | 0 |
_aLa novela teatral ; _v152 _9122427 |
|
| 852 |
_aES-MaACL _j2215-F-29 _bR.138749 |
||
| 999 |
_c124710 _d124710 |
||